The Doors Songs By Picture Hint - Statistics

General Stats
  • This quiz has been taken 166 times
  • The average score is 9 of 16
Answer Stats
Picture Answer % Correct
Break On Through
93%
Riders On The Storm
89%
Light My Fire
88%
Touch Me
77%
Soul Kitchen
71%
Peace Frog
66%
The End
65%
The Unknown Soldier
54%
L.A Woman
46%
Roadhouse Blues
43%
The Wasp
42%
Alabama Song
36%
Waiting For The Sun
30%
L'America
28%
Spanish Caravan
24%
Love Her Madly
21%
No matching quizzes found
Score Distribution
Percent of People with Each Score
Percentile by Number Answered
Your Score History
You have not taken this quiz